Công nghệ gốm sứ

ĐTTS ghi: trường Đại học Bách Khoa hà Nội bộ môn công nghệ vật liệu silicat; Trình bày khái niệm chung, các tính chất, nguyên liệu sản xuất gốm sứ. Các quá trình cơ bản của công nghệ gốm sứ. Kĩ thuật sản xuất gốm thô, gốm mịn, gốm kỹ...

Täydet tiedot

Tallennettuna:
Bibliografiset tiedot
Päätekijä: Huỳnh, Đức Minh
Muut tekijät: Nguyễn, Thành Công
Aineistotyyppi: Kirja
Kieli:Undetermined
Julkaistu: H. KH & KT 2009
Aiheet:
Linkit:http://lrc.tdmu.edu.vn/opac/search/detail.asp?aID=2&ID=7580
Tagit: Lisää tagi
Ei tageja, Lisää ensimmäinen tagi!
Thư viện lưu trữ: Trung tâm Học liệu Trường Đại học Thủ Dầu Một
LEADER 01049nam a2200217Ia 4500
001 TDMU_7580
008 210410s9999 xx 000 0 und d
082 |a 666 
090 |b H531 
100 |a Huỳnh, Đức Minh 
245 0 |a Công nghệ gốm sứ 
245 0 |c Huỳnh Đức Minh, Nguyễn Thành Đông 
260 |a H. 
260 |b KH & KT 
260 |c 2009 
300 |a 230tr 
520 |a ĐTTS ghi: trường Đại học Bách Khoa hà Nội bộ môn công nghệ vật liệu silicat; Trình bày khái niệm chung, các tính chất, nguyên liệu sản xuất gốm sứ. Các quá trình cơ bản của công nghệ gốm sứ. Kĩ thuật sản xuất gốm thô, gốm mịn, gốm kỹ thuật. 
650 |a Công nghệ; Gốm sứ; Sản xuất 
700 |a Nguyễn, Thành Công 
856 |u http://lrc.tdmu.edu.vn/opac/search/detail.asp?aID=2&ID=7580 
980 |a Trung tâm Học liệu Trường Đại học Thủ Dầu Một